Catalytic air pollution control : commercial technology /

Guardado en:
Autor Principal: Heck, Ronald M., 1943-
Otros Autores: Farrauto, Robert J., 1941-
Formato: Libro
Idioma:English
Publicado: New York : Wiley, c1995.
Materias:
Etiquetas: Agregar Etiqueta
Sin Etiquetas, Sea el primero en etiquetar este registro!
LEADER 00907cam a22002655a 4500
001 EIQ.libpla003211
008 940519s1995####nyua#####b####001#0#eng#d
005 20071107161602.0
245 1 0 |a Catalytic air pollution control :  |b commercial technology /  |c Ronald M. Heck, Robert J. Farrauto. 
260 |a New York :  |b Wiley,  |c c1995. 
300 |a xiii, 206 p. :  |b il. ;  |c 24 cm. 
504 |a Incluye referencias bibliográficas e índice. 
020 |a 0471286141 
100 1 |a Heck, Ronald M.,  |d 1943- 
700 1 |a Farrauto, Robert J.,  |d 1941- 
082 0 0 |a 628.5/3  |2 20 
650 4 |a Aire  |x Purificación. 
650 4 |a Aire  |x Equipo y fuentes. 
650 4 |a Medio ambiente  |x Catalizadores. 
650 4 |a Air  |x Equipment and supplies. 
650 4 |a Environment  |x Catalysts. 
650 4 |a Air  |x Purification. 
010 |a  94021465  
040 |a DLC  |c DLC  |d AR-BbSID 
859 |a AR-BbSID  |b BIB. PLAPIQUI  |h 628.5  |i H 34  |p 5144